书目信息 |
| 题名: |
未来10年中国学科发展战略.农业科学
|
|
| 作者: | ;中国科学院 编 | |
| 分册: | ||
| 出版信息: | 北京 科学出版社 2011 |
|
| 页数: | 320 | |
| 开本: | 26cm | |
| 丛书名: | ||
| 单 册: | ||
| 中图分类: | S-12 | |
| 科图分类: | ||
| 主题词: | 农业技术--技术现状--中国 , 农业技术--概况--中国 | |
| 电子资源: | ||
| ISBN: | 7-03-032303-3 | |
| 000 | 00659nam0 2200193 450 | |
| 001 | 1735846483 | |
| 005 | 20170410095726.48 | |
| 010 | @a7-03-032303-3 | |
| 100 | @a20170410d km y0chiy0120 ea | |
| 101 | 0 | @achi |
| 200 | 1 | @a未来10年中国学科发展战略.农业科学@Awei lai 10 nian zhong guo xue ke fa zhan zhan lue.nong ye ke xue@f中国科学院编@Fzhong guo ke xue yuan bian |
| 210 | @a北京@c科学出版社@d2011 | |
| 215 | @a320@d26cm | |
| 606 | 0 | @a农业技术@x技术现状@x中国 |
| 606 | 0 | @a农业技术@x概况@x中国 |
| 690 | @aS-12@v4 | |
| 711 | 02 | @a中国科学院@Azhong guo ke xue yuan@4编 |
| 801 | 0 | @aCN@b大连网信软件有限公司图书馆·11@c20170410 |
| 905 | @b6604169@dS-12@en1@f1 | |
| 未来10年中国学科发展战略.农业科学/中国科学院编.-北京:科学出版社,2011 |
| 320;26cm |
| ISBN 7-03-032303-3: |
| ● |
| 相关链接 |
|
|
|
|
正题名:未来10年中国学科发展战略·农业科学
索取号:S-12/n1
 
预约/预借
| 序号 | 登录号 | 条形码 | 馆藏地/架位号 | 状态 | 备注 |
| 1 | 6604169 | 266041696 | 密集书库-生命科学系/ [索取号:S-12/n1] | 在馆 |